Constitución y funcionamiento de las pilas de combustibles (Registro nro. 648)
[ vista simple ]
| 000 -CABECERA | |
|---|---|
| campo de control de longitud fija | 00513aam a2200193 4500 |
| 005 - FECHA Y HORA DE ACTUALIZACIÓN | |
| campo de control | 20160907143208.0 |
| 008 - LONGITUD FIJA | |
| campo de control de longitud fija | 150824b xxu||||| |||| 00| 0 spa d |
| 041 ## - IDIOMA | |
| Código de idioma del texto/pista de sonido o título separado | |
| 082 ## - CLASIFICACIÓN DECIMAL DEWEY | |
| Número de clasificación | 621.312.429 |
| Número de documento/Ítem | W417c |
| 100 ## - AUTOR PERSONAL | |
| Nombre de persona | Weidlich, Erhard |
| 245 ## - TÍTULO PROPIAMENTE DICHO | |
| Título | Constitución y funcionamiento de las pilas de combustibles |
| 260 ## - PIE DE IMPRENTA | |
| Lugar de publicación, distribución, etc. | España |
| 260 ## - PIE DE IMPRENTA | |
| Nombre del editor, distribuidor, etc. | Marcombo-Siemens |
| 260 ## - PIE DE IMPRENTA | |
| Fecha de publicación, distribución, etc. | 1987 |
| 300 ## - DESCRIPCIÓN FÍSICA | |
| Extensión | 72 páginas |
| 500 ## - NOTA GENERAL | |
| Nota general | Enseñanza Programada 11 |
| 650 ## - Materia General | |
| Materia general | PILAS DE COMBUSTIBLE |
| 942 ## - Punto de Acceso Adicional Koha | |
| Tipo de ítem Koha | Libro |
| Estado perdido | Estado dañado | No para préstamo | Biblioteca permanente | Biblioteca actual | Signatura completa | Código de barras | Precio efectivo a partir del | Tipo de ítem |
|---|---|---|---|---|---|---|---|---|
| Departamento de Biblioteca y Documentación Alfonso Chase Brenes | Departamento de Biblioteca y Documentación Alfonso Chase Brenes | 621.312.429 W417c | 1403 | 07/09/2016 | Libro | |||
| Departamento de Biblioteca y Documentación Alfonso Chase Brenes | Departamento de Biblioteca y Documentación Alfonso Chase Brenes | 621.312.429 W417c | 1404 | 07/09/2016 | Libro |